000 00538cam1a220016900 4500
005 20190819094451.0
008 991125
020 _a9966469443
035 _a(Sirsi) a142065
050 0 _aPN1025
_bGet 1996
100 1 _aGethoi,Wa Mutu
_6A112029.1
245 1 0 _aA chequered serenade to mother Africa /
_cMutu Wa Gethoi.
260 _aNairobi :
_bEast African Educational Publishers,
_c1996 .
350 _a25
410 0 0 _aPoets of Africa
_6S18194.1
650 0 _aPoetry -- Africa
_zPoetry -- Africa
_6S85144.1
999 _c99391
_d99391